• 首页
  • 本馆介绍
  • 公告通知
  • 最新文献
  • 馆藏检索
  • 电子资源
  • 读者导购
  • 参考咨询
  • 我的图书馆
  • 登录
  • 详细信息显示
  • 放入我的书架
  • 预约/预借图书
  • 作者相关作品
  • 分类相关作品
  • 丛书相关作品
  • 出版社相关作品

书目信息

  • 表格格式
  • 工作单格式
  • 卡片格式
题名:
语文教育心理学
    
 
作者: 钟为永 著
分册:  
出版信息: 北京   警官教育出版社  1998.8
页数: 278页
开本: 21cm
丛书名: 教育心理学丛书
单 册:
中图分类: G447
科图分类:
主题词: 教育心理学
电子资源:
ISBN: 7-81027-967-X
000 00856nam0 2200241 45
001 0010301554
005 20040615020425.1
010    @a7-81027-967-X@dCNY12.00
100    @a20001030d1998 km y0chiy0120 ea
101 0  @achi
105    @a z 000yy
200 1  @a语文教育心理学@AYu Wen Jiao Yu Xin Li Xue@e语文教育科学性、艺术性探索@EYu Wen Jiao Yu Ke Xue Xing、Yi Shu Xing Tan Suo@f钟为永著@FZhong Wei Yong Zhu
210    @a北京@c警官教育出版社@d1998.8
215    @a278页@d21cm
225    @a教育心理学丛书@f张楚廷,母庚才主编
410    @12001 @a教育心理学丛书
410    @1700 0@a母庚才@AMu Geng Cai@4主编@a张楚廷@AZhang Chu Ting@4主编
517    @a语文教育科学性、艺术性探索@AYu Wen Jiao Yu Ke Xue Xing、Yi Shu Xing Tan Suo
606 0  @a教育心理学
690    @aG447@v1
701  0 @a钟为永@4著
801    @aCN@bTSTC@c20001030
905    @dG447@e76
    
    语文教育心理学:语文教育科学性、艺术性探索/钟为永著.-北京:警官教育出版社,1998.8
    278页;21cm.-(教育心理学丛书/张楚廷,母庚才主编)
    
    
    ISBN 7-81027-967-X:CNY12.00
    
●
相关链接 在E读中查询图书 在五车中查询图书 在当当中查询图书 在豆瓣中查询图书


正题名:语文教育心理学     索取号:G447/76         预约/预借

序号 登录号 条形码 馆藏地/架位号 状态 备注
1 0292235   002922350   第四借阅区/ [索取号:G447/76] 在馆    
2 0292236   002922369   第四借阅区/ [索取号:G447/76] 在馆    
3 0292237   002922378   第四借阅区/ [索取号:G447/76] 在馆    
4 0292238   002922387   第四借阅区/ [索取号:G447/76] 在馆    
5 0292239   002922396   第一样本阅览室/ [索取号:G447/76] 在馆    
唐山师范学院图书馆 欢迎您!
大连网信软件有限公司© 版权所有